Word Ladder: Nursery Rhyme Time Quiz Stats

 Plays Quiz Updated Feb 18, 2013

     
Support Sporcle.
Go Orange.
Score 0/32 Timer 03:00
0 Plays Today
Clue 4-Letter Word % Correct
''Three blind ____,
three blind ____,...
MICE
99.5%
...see how ____ run,
see how ____ run,...
THEY
88.5%
Not usTHEM
84.8%
Carpe ____, seize the dayDIEM
82.8%
____ and pieces BITS
81.1%
What Humpty Dumpty fell offWALL
80%
'Where there's a ____ there's a way'WILL
79.6%
Small parasiteMITE
77.4%
Dig into a blackbird pieBITE
74.5%
...did you ever see such a thing in your ____, as three blind [#1]?''LIFE
73.4%
Shriek like a bansheeWAIL
72.6%
...who cut off their ____s
with a carving knife,...
TAIL
72.6%
...[#2] all ran after the farmer's ____,...WIFE
70.6%
Pour up to the brimFILL
68.9%
Alcoholic beverageWINE
66.2%
Catalog or organiseFILE
62.5%
Clue 4-Letter Word % Correct
'Eat no fat' like Jack SpratDIET
61.8%
Checkout cashboxTILL
60.6%
Food platterTRAY
60%
High-pitched fluteFIFE
58.4%
Mr. Parker of 'South Park' fameTREY
58.1%
Unalike Little Miss MuffetTALL
56.3%
Prejudicial inclinationBIAS
52.6%
Eeyore-like enunciationBRAY
51%
Snack on pat-a-cakes and hot cross bunsDINE
49.9%
Mother hubbard's undergarments?BRAS
49.6%
Judge or recognizeDEEM
47.7%
Overflow withTEEM
47.6%
Equal parts wits and guileWILE
42%
Force or powerDINT
37.9%
PlentifulRIFE
32.5%
Make Mary quite contraryRILE
27%

Today's Daily Dose

Get the Picture
Alien TV Shows

From the Vault

We Love Four Tunes II

by rockgolf

Music 12m
Four Tune hunters inquire within!
Remove Ads.
Support Sporcle.
Get the best of Sporcle when you Go Orange. This ad-free experience offers more features, more stats, and more fun while also helping to support Sporcle. Thank you for becoming a member.

Show Comments

Extras

Top Quizzes Today


Score Distribution

Your Account Isn't Verified!

In order to create a playlist on Sporcle, you need to verify the email address you used during registration. Go to your Sporcle Settings to finish the process.

Report this User

Report this user for behavior that violates our Community Guidelines.

Details: